[Event "?"]
[Site "gics rated blitz game, gics, "]
[Date "1997.??.??"]
[Round "?"]
[White "Brause"]
[Black "Lichtzahn"]
[Result "0-1"]
[WhiteElo "2315"]
[BlackElo "2580"]
[PlyCount "81"]

1. e4 e5 2. Nf3 Nc6 3. Nc3 Nf6 4. Nxe5 Nxe5 5. d4 Ng6 6. e5 Ng8 7. Bc4 c6 8.
Qf3 d5 9. exd6 Be6 10. Bxe6 fxe6 11. Ne4 Qa5+ 12. Bd2 Qf5 13. h4 h5 14. O-O-O
O-O-O 15. Ng5 Nh6 16. Rde1 Rxd6 17. Nxe6 Qxf3 18. gxf3 Nf5 19. Re4 Be7 20. Bb4
Rd7 21. Bxe7 Rxe7 22. Nf4 Rxe4 23. Nxg6 Ree8 24. Nxh8 Rxh8 25. c3 Rf8 26. Kd2
Ne7 27. Rg1 g6 28. Re1 Kd7 29. Re3 Rf4 30. Re4 Rxf3 31. Ke2 Rh3 32. d5 cxd5 33.
Ra4 a6 34. Rb4 Kc7 35. Rd4 Kc6 36. a3 Nf5 37. Rb4 Rxh4 38. f4 Rh2+ 39. Kd3 a5
40. Ra4 Kb5 41. b3 0-1

[Event "?"]
[Site "gics rated blitz game, gics, "]
[Date "1997.??.??"]
[Round "?"]
[White "Brause"]
[Black "Wildsau"]
[Result "0-1"]
[WhiteElo "2335"]
[BlackElo "2380"]
[PlyCount "111"]

1. e4 e5 2. Nf3 Nc6 3. Nc3 Nf6 4. Nxe5 Nxe5 5. d4 Nc6 6. d5 Ne5 7. f4 Ng6 8. e5
Ng8 9. d6 cxd6 10. exd6 Qh4+ 11. g3 Qf6 12. Nb5 Kd8 13. Be3 b6 14. Nxa7 Bxd6
15. Bxb6+ Ke8 16. Qf3 Rb8 17. Nxc8 Rxc8 18. Qe3+ Be7 19. O-O-O Qc6 20. Bd3 Nf6
21. Bd4 Kf8 22. f5 Nd5 23. Qd2 h6 24. h4 Bb4 25. Qg2 Nge7 26. Be4 Qc7 27. Bxd5
Nxd5 28. Bxg7+ Kxg7 29. Rxd5 Rhg8 30. Rhd1 Kf6 31. R1d3 Qf4+ 32. Kb1 Rce8 33.
a3 Re1+ 34. Ka2 Qc4+ 35. b3 Qa6 36. a4 d6 37. Qf3 Qc8 38. Kb2 Qc6 39. g4 Re5
40. Rxd6+ Qxd6 41. Rxd6+ Bxd6 42. c4 Rd8 43. Qc6 Kg7 44. Qg2 Bb4 45. Kc2 Rde8
46. Kd3 Re3+ 47. Kd4 Re2 48. Qxe2 Rxe2 49. Kd5 Kf6 50. Kc6 Re4 51. Kb5 Be1 52.
h5 Rxg4 53. Kc5 Rg5 54. Kd4 Rxh5 55. c5 Bf2+ 56. Ke4 0-1

[Event "?"]
[Site "gics rated blitz game, gics, "]
[Date "1997.??.??"]
[Round "?"]
[White "Brause"]
[Black "Lichtzahn"]
[Result "*"]
[WhiteElo "2315"]
[BlackElo "2600"]
[PlyCount "257"]

1. e4 e5 2. Nf3 Nc6 3. Nc3 Nf6 4. Nxe5 Nxe5 5. d4 Ng6 6. e5 Ng8 7. Bc4 c6 8.
Qf3 d5 9. exd6 Be6 10. Bxe6 fxe6 11. Ne4 Qa5+ 12. Bd2 Qf5 13. h4 h5 14. c4 Qxf3
15. gxf3 Nh6 16. Bxh6 Rxh6 17. O-O-O O-O-O 18. c5 Nf4 19. Kd2 Kd7 20. Rdg1 Re8
21. Rg3 e5 22. Rg5 exd4 23. Rf5 Ng6 24. Rf7+ Ke6 25. Ng5+ Kd5 26. Rf5+ Kc4 27.
b3+ Kb4 28. Nf7 Ka3 29. d7 Rb8 30. d8=Q Rxd8 31. Nxd8 Be7 32. Nxb7 Bf6 33. Na5
Ne7 34. Rf4 Kb4 35. Nb7 Nd5 36. Re4 Nc3 37. Ree1 Rh8 38. Re6 Rb8 39. Nd6 Kxc5
40. Ne4+ Kd5 41. Rd6+ Ke5 42. Rxc6 Nxe4+ 43. fxe4 Kxe4 44. Rc5 g6 45. f3+ Kf4
46. Rc7 Rb6 47. Rxa7 Kxf3 48. Rd7 Kg2 49. Rd1 Bxh4 50. Rxd4 Bf2 51. Rd5 h4 52.
Rg5+ Kf3 53. Rf1 h3 54. Kc3 h2 55. Kc4 Re6 56. Rh1 Be3 57. Kd5 Ra6 58. Rxg6
Rxg6 59. Rxh2 Rg5+ 60. Kc4 Rc5+ 61. Kd3 Rd5+ 62. Kc4 Rd4+ 63. Kc3 Rd8 64. a4
Bf4 65. Rc2 Ra8 66. Kd4 Be3+ 67. Ke5 Ra5+ 68. Ke6 Ke4 69. Kd6 Ra8 70. Rc4+ Bd4
71. Rb4 Ra6+ 72. Ke7 Ra7+ 73. Ke6 Ra5 74. Rb8 Ra6+ 75. Kd7 Kd3 76. Rb5 Ra8 77.
Kd6 Rd8+ 78. Ke6 Rf8 79. Kd5 Bc3 80. Rb7 Rg8 81. Rb5 Rd8+ 82. Ke6 Re8+ 83. Kd5
Re5+ 84. Kd6 Re4 85. Rb6 Bb4+ 86. Kd5 Rd4+ 87. Ke5 Rh4 88. Rc6 Bc3+ 89. Kd5 Rb4
90. Rh6 Rg4 91. Rb6 Kc2 92. Rb7 Bb4 93. Ke6 Kc3 94. Kf5 Rg1 95. Rb6 Rh1 96. Ke4
Rh4+ 97. Kf3 Kxb3 98. a5 Kc4 99. a6 Bc5 100. Kg3 Rh8 101. Rb2 Bd4 102. Ra2 Kd3
103. Kg4 Ke4 104. Ra5 Ra8 105. Kh5 Ra7 106. Kg4 Rg7+ 107. Rg5 Ra7 108. Ra5 Bc3
109. Rc5 Be5 110. Rc4+ Bd4 111. Ra4 Rg7+ 112. Kh3 Rg8 113. Kh4 Ke5 114. Kh3 Ra8
115. Kg4 Ke4 116. Ra5 Bb6 117. Ra4+ Ke5 118. Kf3 Rf8+ 119. Ke2 Ba7 120. Kd3
Rd8+ 121. Kc4 Rd4+ 122. Kb3 Rd6 123. Kc4 Kf5 124. Kc3 Ke6 125. Ra5 Kf6 126. Kc4
Rd4+ 127. Kc3 Ke6 128. Rh5 Ra4 129. Kb3 *

[Event "?"]
[Site "gics rated blitz game, gics, "]
[Date "1997.??.??"]
[Round "?"]
[White "Brause"]
[Black "Lichtzahn"]
[Result "1/2-1/2"]
[WhiteElo "2315"]
[BlackElo "2600"]
[PlyCount "297"]

1. e4 e5 2. Nf3 Nc6 3. Nc3 Nf6 4. Nxe5 Nxe5 5. d4 Ng6 6. e5 Ng8 7. Bc4 c6 8.
Qf3 d5 9. exd6 Be6 10. Bxe6 fxe6 11. Ne4 Qa5+ 12. Bd2 Qf5 13. h4 h5 14. c4 Qxf3
15. gxf3 Nh6 16. Bxh6 Rxh6 17. O-O-O O-O-O 18. c5 Nf4 19. Kd2 Kd7 20. Rdg1 Re8
21. Rg3 e5 22. Rg5 exd4 23. Rf5 Ng6 24. Rf7+ Ke6 25. Ng5+ Kd5 26. Rf5+ Kc4 27.
b3+ Kb4 28. Nf7 Ka3 29. d7 Rb8 30. d8=Q Rxd8 31. Nxd8 Be7 32. Nxb7 Bf6 33. Na5
Ne7 34. Rf4 Kb4 35. Nb7 Nd5 36. Re4 Nc3 37. Ree1 Rh8 38. Re6 Rb8 39. Nd6 Kxc5
40. Ne4+ Kd5 41. Rd6+ Ke5 42. Rxc6 Nxe4+ 43. fxe4 Kxe4 44. Rc5 g6 45. f3+ Kf4
46. Rc7 Rb6 47. Rxa7 Kxf3 48. Rd7 Kg2 49. Rd1 Bxh4 50. Rxd4 Bf2 51. Rd5 h4 52.
Rg5+ Kf3 53. Rf1 h3 54. Kc3 h2 55. Kc4 Re6 56. Rh1 Be3 57. Kd5 Ra6 58. Rxg6
Rxg6 59. Rxh2 Rg5+ 60. Kc4 Rc5+ 61. Kd3 Rd5+ 62. Kc4 Rd4+ 63. Kc3 Rd8 64. a4
Bf4 65. Rc2 Ra8 66. Kd4 Be3+ 67. Ke5 Ra5+ 68. Ke6 Ke4 69. Kd6 Ra8 70. Rc4+ Bd4
71. Rb4 Ra6+ 72. Ke7 Ra7+ 73. Ke6 Ra5 74. Rb8 Ra6+ 75. Kd7 Kd3 76. Rb5 Ra8 77.
Kd6 Rd8+ 78. Ke6 Rf8 79. Kd5 Bc3 80. Rb7 Rg8 81. Rb5 Rd8+ 82. Ke6 Re8+ 83. Kd5
Re5+ 84. Kd6 Re4 85. Rb6 Bb4+ 86. Kd5 Rd4+ 87. Ke5 Rh4 88. Rc6 Bc3+ 89. Kd5 Rb4
90. Rh6 Rg4 91. Rb6 Kc2 92. Rb7 Bb4 93. Ke6 Kc3 94. Kf5 Rg1 95. Rb6 Rh1 96. Ke4
Rh4+ 97. Kf3 Kxb3 98. a5 Kc4 99. a6 Bc5 100. Kg3 Rh8 101. Rb2 Bd4 102. Ra2 Kd3
103. Kg4 Ke4 104. Ra5 Ra8 105. Kh5 Ra7 106. Kg4 Rg7+ 107. Rg5 Ra7 108. Ra5 Bc3
109. Rc5 Be5 110. Rc4+ Bd4 111. Ra4 Rg7+ 112. Kh3 Rg8 113. Kh4 Ke5 114. Kh3 Ra8
115. Kg4 Ke4 116. Ra5 Bb6 117. Ra4+ Ke5 118. Kf3 Rf8+ 119. Ke2 Ba7 120. Kd3
Rd8+ 121. Kc4 Rd4+ 122. Kb3 Rd6 123. Kc4 Kf5 124. Kc3 Ke6 125. Ra5 Kf6 126. Kc4
Rd4+ 127. Kc3 Ke6 128. Rh5 Ra4 129. Kb3 Re4 130. Kc3 Rf4 131. Kd3 Ra4 132. Rh7
Ra3+ 133. Ke4 Bf2 134. Rh6+ Kd7 135. Rg6 Ra4+ 136. Ke5 Ra5+ 137. Ke4 Bc5 138.
Rh6 Ra4+ 139. Kd5 Bf8 140. Rb6 Ra5+ 141. Ke4 Kc7 142. Rb7+ Kc6 143. Ra7 Bc5
144. Ra8 Ra4+ 145. Ke5 Bd6+ 146. Ke6 Re4+ 147. Kf5 Re5+ 148. Kf6 Kd5 149. Rd8
1/2-1/2

[Event "?"]
[Site "gics rated blitz game, gics, "]
[Date "1997.??.??"]
[Round "?"]
[White "Brause"]
[Black "Lichtzahn"]
[Result "0-1"]
[WhiteElo "2335"]
[BlackElo "2570"]
[PlyCount "122"]

1. e4 e5 2. Nf3 Nc6 3. Nc3 Nf6 4. Nxe5 Nxe5 5. d4 Ng6 6. e5 Ng8 7. Bc4 c6 8.
Qf3 d5 9. exd6 Be6 10. Bxe6 fxe6 11. Ne4 Qa5+ 12. Bd2 Qf5 13. h4 h5 14. c4 Qxf3
15. gxf3 Nh6 16. Bxh6 Rxh6 17. O-O-O O-O-O 18. c5 Nf4 19. Kd2 Kd7 20. Rdg1 Re8
21. Rg3 b6 22. Rhg1 Kc8 23. Ke3 Nd5+ 24. Kd2 e5 25. Kd3 exd4 26. Kxd4 bxc5+ 27.
Kxc5 Nf6 28. Rg6 Nxe4+ 29. fxe4 Rxg6 30. Rxg6 Rxe4 31. Kxc6 Rxh4 32. Rg5 Rd4
33. Rxh5 Rxd6+ 34. Kb5 Rf6 35. b3 Rxf2 36. a4 Kc7 37. Kc4 Be7 38. Ra5 Rf4+ 39.
Kd3 Kb7 40. Rh5 Bf6 41. Rb5+ Kc6 42. Ra5 Rd4+ 43. Ke2 Rd7 44. b4 Kd6 45. Ke3
Re7+ 46. Kd3 g5 47. Rf5 Ke6 48. Ra5 Rd7+ 49. Ke4 Rd4+ 50. Kf3 g4+ 51. Kg2 Rxb4
52. Rxa7 Rb2+ 53. Kf1 Bd4 54. Ra6+ Kf7 55. Rd6 Rb1+ 56. Ke2 g3 57. Rxd4 g2 58.
Rg4 g1=Q 59. Rxg1 Rxg1 60. Ke3 Ke6 61. a5 Kd5 0-1

[Event "?"]
[Site "gics rated blitz game, gics, "]
[Date "1997.??.??"]
[Round "?"]
[White "Brause"]
[Black "Lichtzahn"]
[Result "0-1"]
[WhiteElo "2330"]
[BlackElo "2570"]
[PlyCount "75"]

1. e4 e5 2. Nf3 Nc6 3. Nc3 Nf6 4. Nxe5 Nxe5 5. d4 Ng6 6. e5 Ng8 7. Bc4 c6 8.
Qf3 d5 9. exd6 Be6 10. Bxe6 fxe6 11. Ne4 Qa5+ 12. Bd2 Qf5 13. h4 h5 14. Qxf5
exf5 15. Nc5 O-O-O 16. d7+ Kb8 17. Bg5 Nf6 18. Bxf6 gxf6 19. Nb3 Rxd7 20. O-O-O
Bh6+ 21. Kb1 Re8 22. Nc5 Rdd8 23. Rd3 Re2 24. Rf3 Nxh4 25. Rb3 b6 26. g3 Ng6
27. c3 Rxf2 28. Rxh5 Bf8 29. a4 f4 30. g4 Be7 31. Ne6 Rg8 32. d5 cxd5 33. Rxd5
f3 34. Ka2 Re2 35. Nd4 Ne5 36. Rxe5 fxe5 37. Nxf3 Rxg4 38. Rb5 0-1

[Event "?"]
[Site "Blitz:2'"]
[Date "1998.??.??"]
[Round "1"]
[White "TJunior46"]
[Black "TJunior46"]
[Result "1-0"]
[WhiteElo "2375"]
[BlackElo "2375"]
[PlyCount "131"]

1. e4 e5 2. Nf3 Nc6 3. Nc3 Nf6 4. Nxe5 Nxe5 5. d4 Nc6 6. d5 Ne7 7. e5 Nfg8 8.
d6 Nf5 9. Nb5 cxd6 10. exd6 Nxd6 11. Qe2+ Qe7 12. Nxd6+ Kd8 13. Qxe7+ Kxe7 14.
Bf4 g5 15. Nxc8+ Rxc8 16. Bxg5+ f6 17. Be3 Rxc2 18. Bd3 Rxb2 19. Bd4 Rb4 20.
Bc5+ Ke8 21. Bxb4 Bxb4+ 22. Ke2 Ne7 23. Rhc1 Nc6 24. Rab1 a5 25. a4 Kd8 26. Rd1
Re8+ 27. Kf1 h6 28. Bf5 d6 29. g4 Ne7 30. Be4 Kc7 31. Rbc1+ Kb8 32. h4 Nc8 33.
Bd5 Nb6 34. Ra1 Rc8 35. Bb3 Rc3 36. Rab1 d5 37. Ke2 Kc7 38. Rbc1 d4 39. Rxc3+
dxc3 40. f3 Nd7 41. f4 Nc5 42. Bc2 Ne6 43. Ke3 Kc6 44. Ke4 Ng7 45. g5 hxg5 46.
fxg5 fxg5 47. hxg5 b5 48. g6 Be7 49. Rd5 b4 50. Rxa5 Kb6 51. Rd5 Bf8 52. a5+
Kc7 53. a6 Kb6 54. Rd8 Bc5 55. Rd7 Kxa6 56. Rxg7 Bf8 57. Rf7 Bh6 58. g7 Bxg7
59. Rxg7 Kb5 60. Rb7+ Kc4 61. Ba4 b3 62. Bxb3+ Kc5 63. Kd3 c2 64. Rc7+ Kb4 65.
Bd5 c1=Q 66. Rxc1 1-0

[Event "?"]
[Site "ICC 0 4 03/29/98, Internet Ch"]
[Date "1998.??.??"]
[Round "?"]
[White "Brause"]
[Black "Barbas"]
[Result "1/2-1/2"]
[WhiteElo "2570"]
[BlackElo "2315"]
[PlyCount "162"]

1. Nc3 Nf6 2. e4 e5 3. Nf3 Nc6 4. Nxe5 Nxe5 5. d4 Nc6 6. d5 Ne5 7. f4 Ng6 8. e5
Ng8 9. d6 cxd6 10. exd6 Qh4+ 11. g3 Qf6 12. Nb5 Kd8 13. Be3 Qxb2 14. Bd4 Qb4+
15. c3 Qa5 16. f5 Ne5 17. Bxe5 f6 18. Bd4 b6 19. Bc4 Bb7 20. O-O Bc6 21. a4 Nh6
22. Qh5 Kc8 23. Nc7 Bxd6 24. Nxa8 Bxa8 25. Bb5 a6 26. Bd3 Bc5 27. Bxc5 Qxc5+
28. Rf2 Bb7 29. Re1 Kb8 30. c4 Rc8 31. Be2 Qe3 32. Rd1 Rc5 33. g4 Kc7 34. Qh4
Ra5 35. Bf1 Rxa4 36. Rd3 Qe5 37. Qh3 d6 38. Re3 Be4 39. Re1 Qd4 40. Qg3 Ra5 41.
c5 bxc5 42. Qf4 Ra4 43. Bxa6 Nf7 44. Be2 Ne5 45. Rd1 Ra1 46. Rxa1 Qxa1+ 47. Rf1
Qd4+ 48. Rf2 h6 49. h3 c4 50. Kh2 c3 51. Rf1 c2 52. Rc1 Nf3+ 53. Kg3 Ng1 54.
Bf1 Qe5 55. Qxe5 fxe5 56. Kf2 Nf3 57. Bg2 Nd2 58. f6 gxf6 59. Bxe4 Nxe4+ 60.
Ke3 d5 61. Rxc2+ Kd7 62. Rc1 h5 63. gxh5 Ng3 64. h6 Nf5+ 65. Kf3 Nxh6 66. h4 f5
67. h5 d4 68. Rg1 Nf7 69. Rg2 Ke7 70. Rg1 Kf8 71. Rg2 e4+ 72. Kf4 d3 73. Rd2
Nh6 74. Kg5 Kg7 75. Rd1 Ng4 76. Kxf5 Nf2 77. Rg1+ Kh6 78. Kf4 d2 79. Ke3 d1=Q
80. Rxd1 Nxd1+ 81. Kxe4 Kxh5 1/2-1/2

[Event "?"]
[Site "ICC 15 15 01/23/98, Internet "]
[Date "1998.??.??"]
[Round "?"]
[White "Brause"]
[Black "MrsLovett"]
[Result "0-1"]
[WhiteElo "2315"]
[BlackElo "2605"]
[PlyCount "87"]

1. e4 e5 2. Nf3 Nc6 3. Nc3 Nf6 4. Nxe5 Nxe5 5. d4 Nc6 6. d5 Ne5 7. f4 Ng6 8. e5
Ng8 9. d6 c6 10. g3 Qa5 11. Qf3 Nxe5 12. fxe5 Qxe5+ 13. Be2 Bxd6 14. Bf4 Qe6
15. Ne4 Be7 16. Nc3 Nf6 17. O-O-O O-O 18. Rde1 Bd6 19. Bd1 Bxf4+ 20. Qxf4 Qh3
21. Ne4 Nxe4 22. Rxe4 d5 23. Re7 a5 24. Bf3 b5 25. Qc7 Bf5 26. Re2 Qh6+ 27. Kb1
Qf6 28. Rhe1 a4 29. Qf4 a3 30. Re5 Rae8 31. R1e2 g6 32. Bg4 Rxe5 33. Rxe5 Kg7
34. Bxf5 Re8 35. Bd7 Rxe5 36. Qxf6+ Kxf6 37. bxa3 Re2 38. Bxc6 Rxh2 39. Bxd5
Rh3 40. g4 Rxa3 41. Bb7 b4 42. Kb2 Rg3 43. Bc8 Ke7 44. c4 0-1

[Event "?"]
[Site "ICC 1 0 02/02/98, Internet Ch"]
[Date "1998.??.??"]
[Round "?"]
[White "Brause"]
[Black "GOGGI"]
[Result "1-0"]
[WhiteElo "2505"]
[BlackElo "1740"]
[PlyCount "43"]

1. e4 e5 2. Nf3 Nc6 3. Nc3 Nf6 4. Nxe5 Nxe5 5. d4 Nc6 6. d5 Ne5 7. f4 Ng6 8. e5
Ng8 9. d6 cxd6 10. exd6 Qb6 11. Qe2+ N6e7 12. Nb5 Kd8 13. Be3 Qa5+ 14. Bd2 Qb6
15. dxe7+ Bxe7 16. O-O-O Nf6 17. Qe3 Qxe3 18. Bxe3 a6 19. Bb6+ Ke8 20. Nc7+ Kf8
21. Nxa8 Kg8 22. Bd4 1-0

[Event "?"]
[Site "ICC 1 0 02/02/98, Internet Ch"]
[Date "1998.??.??"]
[Round "?"]
[White "Brause"]
[Black "Kiriakos"]
[Result "1-0"]
[WhiteElo "2560"]
[BlackElo "1930"]
[PlyCount "50"]

1. e4 e5 2. Nf3 Nc6 3. Nc3 Nf6 4. Nxe5 Nxe5 5. d4 Ng6 6. e5 Be7 7. Bc4 O-O 8.
exf6 Bxf6 9. O-O c6 10. Ne4 d5 11. Nxf6+ Qxf6 12. Be2 Bf5 13. Re1 Rfe8 14. Be3
Re7 15. Qd2 h6 16. Rac1 Rae8 17. Qa5 a6 18. Qc3 Nh4 19. Bf1 Qg6 20. Bd2 Be4 21.
Re3 Bxg2 22. Rg3 Qh5 23. Bxg2 Nxg2 24. Rxg2 Re4 25. f3 Re2 1-0

[Event "?"]
[Site "ICC 1 0 02/02/98, Internet Ch"]
[Date "1998.??.??"]
[Round "?"]
[White "Brause"]
[Black "kanga"]
[Result "1-0"]
[WhiteElo "2565"]
[BlackElo "1635"]
[PlyCount "28"]

1. e4 e5 2. Nf3 Nc6 3. Nc3 Nf6 4. Nxe5 Nxe5 5. d4 Nc6 6. d5 Nb8 7. e5 Ng8 8. d6
cxd6 9. exd6 Nc6 10. Nb5 Qa5+ 11. Bd2 Qb6 12. Nc7+ Kd8 13. Nxa8 Nf6 14. Nxb6
axb6 1-0

[Event "?"]
[Site "ICC 1 0 02/02/98, Internet Ch"]
[Date "1998.??.??"]
[Round "?"]
[White "Brause"]
[Black "Kiriakos"]
[Result "1-0"]
[WhiteElo "2575"]
[BlackElo "1920"]
[PlyCount "47"]

1. e4 e5 2. Nf3 Nc6 3. Nc3 Nf6 4. Nxe5 Nxe5 5. d4 Ng6 6. e5 Be7 7. Bc4 O-O 8.
exf6 Bxf6 9. O-O c6 10. Ne4 d5 11. Nxf6+ Qxf6 12. Be2 Bf5 13. Be3 Rfe8 14. Qd2
h6 15. Rae1 Re7 16. g4 Bd7 17. g5 Qf5 18. gxh6 Qh3 19. Kh1 Bg4 20. Bxg4 Qxg4
21. Qd1 Qh3 22. Rg1 Re4 23. Rg3 Qh4 24. f3 1-0

[Event "?"]
[Site "ICC 1 0 02/02/98, Internet Ch"]
[Date "1998.??.??"]
[Round "?"]
[White "Brause"]
[Black "sindbad"]
[Result "1-0"]
[WhiteElo "2580"]
[BlackElo "1825"]
[PlyCount "75"]

1. e4 e5 2. Nf3 Nc6 3. Nc3 Nf6 4. Nxe5 Nxe5 5. d4 Ng6 6. e5 Ng8 7. Bc4 Bb4 8.
Qf3 Bxc3+ 9. bxc3 Qe7 10. O-O Nh6 11. g3 O-O 12. Qh5 d5 13. Bxd5 Bg4 14. Qg5
Qxg5 15. Bxg5 c6 16. Bg2 Rfe8 17. Rab1 Rac8 18. Bxh6 gxh6 19. Rxb7 c5 20. Rxa7
cxd4 21. cxd4 Rxc2 22. a4 Be2 23. Bd5 Rd2 24. Bxf7+ Kf8 25. Bxe8 Bxf1 26. Bxg6
Rd1 27. Ra8+ Kg7 28. Bc2 Rc1 29. Ra7+ Kf8 30. f4 Bd3+ 31. Kf2 Rxc2+ 32. Ke3 Bg6
33. e6 Rc3+ 34. Kf2 Rd3 35. f5 Bh5 36. h3 Rxd4 37. f6 Bd1 38. Ra8+ 1-0

[Event "?"]
[Site "ICC 1 0 02/03/98, Internet Ch"]
[Date "1998.??.??"]
[Round "?"]
[White "Brause"]
[Black "bravosky"]
[Result "1-0"]
[WhiteElo "2580"]
[BlackElo "1795"]
[PlyCount "71"]

1. e4 e5 2. Nf3 Nf6 3. Nc3 Nc6 4. Nxe5 Nxe5 5. d4 Nc6 6. d5 Nb4 7. a3 Na6 8. e5
Nxd5 9. Qxd5 c6 10. Qd4 d5 11. exd6 Bxd6 12. Bxa6 Qe7+ 13. Be2 O-O 14. Bf4 Bxf4
15. Qxf4 Re8 16. Rd1 Be6 17. O-O c5 18. Rfe1 Qf6 19. Qxf6 gxf6 20. Ne4 Rad8 21.
Nxf6+ Kg7 22. Nxe8+ Rxe8 23. Bc4 Bxc4 24. Rxe8 Be2 25. Rxe2 c4 26. Rd7 c3 27.
bxc3 b5 28. Rxa7 b4 29. cxb4 h5 30. b5 h4 31. b6 h3 32. b7 hxg2 33. b8=Q Kh7
34. Rxf7+ Kh6 35. Qg8 Kh5 36. Rh7# 1-0

[Event "?"]
[Site "ICC 1 0 02/03/98, Internet Ch"]
[Date "1998.??.??"]
[Round "?"]
[White "Brause"]
[Black "Kiriakos"]
[Result "1-0"]
[WhiteElo "2580"]
[BlackElo "1955"]
[PlyCount "62"]

1. e4 e5 2. Nf3 Nc6 3. Nc3 Nf6 4. Nxe5 Nxe5 5. d4 Ng6 6. e5 Be7 7. Bc4 O-O 8.
exf6 Bxf6 9. O-O c6 10. Ne4 d5 11. Nxf6+ Qxf6 12. Be2 Bf5 13. Re1 Rfe8 14. Be3
Re7 15. Qd2 h6 16. Rac1 Rae8 17. Qa5 a6 18. Qc3 Nh4 19. Bf1 Qg6 20. Bd2 Rxe1
21. Rxe1 Rxe1 22. Bxe1 Bxc2 23. f3 Bb1 24. Bxh4 Bxa2 25. Bd3 Qe6 26. b3 Qe3+
27. Bf2 Qf4 28. Qc2 Bxb3 29. Qxb3 b5 30. Qa2 Qc1+ 31. Bf1 b4 1-0

[Event "?"]
[Site "ICC 1 0 02/03/98, Internet Ch"]
[Date "1998.??.??"]
[Round "?"]
[White "Brause"]
[Black "Kiriakos"]
[Result "1-0"]
[WhiteElo "2580"]
[BlackElo "1955"]
[PlyCount "62"]

1. e4 e5 2. Nf3 Nc6 3. Nc3 Nf6 4. Nxe5 Nxe5 5. d4 Ng6 6. e5 Be7 7. Bc4 O-O 8.
exf6 Bxf6 9. O-O c6 10. Ne4 d5 11. Nxf6+ Qxf6 12. Be2 Bf5 13. Re1 Rfe8 14. Be3
Re7 15. Qd2 h6 16. Rac1 Rae8 17. Qc3 Nh4 18. Bh5 Be4 19. f3 Bf5 20. Bf2 Qg5 21.
g4 Bg6 22. Bxg6 Nxg6 23. Rxe7 Rxe7 24. Re1 Rxe1+ 25. Qxe1 Qe7 26. Qxe7 Nxe7 27.
Bg3 Kf8 28. h4 Ke8 29. h5 Kd7 30. Be5 f6 31. Bf4 Ke6 1-0

[Event "?"]
[Site "ICC 1 0 02/03/98, Internet Ch"]
[Date "1998.??.??"]
[Round "?"]
[White "Brause"]
[Black "Kiriakos"]
[Result "1/2-1/2"]
[WhiteElo "2585"]
[BlackElo "1940"]
[PlyCount "43"]

1. e4 e5 2. Nf3 Nc6 3. Nc3 Nf6 4. Nxe5 Nxe5 5. d4 Ng6 6. e5 Be7 7. Bc4 O-O 8.
exf6 Bxf6 9. O-O c6 10. Ne4 d5 11. Nxf6+ Qxf6 12. Be2 Bf5 13. Re1 Rfe8 14. Be3
Re7 15. Qd2 h6 16. Rac1 Rae8 17. Qc3 Nh4 18. Bh5 Bg6 19. Bg4 Bf5 20. Bh5 Bg6
21. Bg4 Bf5 22. Bh5 1/2-1/2

[Event "?"]
[Site "ICC 1 0 02/03/98, Internet Ch"]
[Date "1998.??.??"]
[Round "?"]
[White "Brause"]
[Black "Kiriakos"]
[Result "1-0"]
[WhiteElo "2600"]
[BlackElo "1940"]
[PlyCount "39"]

1. e4 e5 2. Nf3 Nc6 3. Nc3 Nf6 4. Nxe5 Nxe5 5. d4 Ng6 6. e5 Be7 7. exf6 Bxf6 8.
Nd5 O-O 9. Be2 c6 10. Nxf6+ Qxf6 11. O-O d5 12. Be3 Bf5 13. Qd2 h6 14. Rae1
Rfe8 15. Qc3 Re7 16. Bd2 Rae8 17. Bd1 Nh4 18. Rxe7 Rxe7 19. Qb4 Qg6 20. g3 1-0

[Event "?"]
[Site "ICC 1 0 02/03/98, Internet Ch"]
[Date "1998.??.??"]
[Round "?"]
[White "Brause"]
[Black "Chewie"]
[Result "1/2-1/2"]
[WhiteElo "2610"]
[BlackElo "2615"]
[PlyCount "184"]

1. e4 e5 2. Nf3 Nc6 3. Nc3 Nf6 4. Nxe5 Nxe5 5. d4 Ng6 6. e5 Ng8 7. Bc4 d5 8.
Bxd5 c6 9. Bb3 Bb4 10. O-O N8e7 11. Ne4 O-O 12. c3 Ba5 13. Qh5 Nd5 14. Bg5 Qb6
15. Nd6 h6 16. Bd2 Qd8 17. Rfe1 Bc7 18. Re4 Bxd6 19. exd6 Nf6 20. Qxg6 Kh8 21.
Bxf7 Nxe4 22. Bxh6 Rxf7 23. Qxf7 gxh6 24. Qf4 Ng5 25. h4 Ne6 26. Qxh6+ Kg8 27.
f4 Ng7 28. Re1 Qf8 29. Re7 Bg4 30. Qg5 Bf5 31. h5 Kh8 32. g4 Ne8 33. Qxf5 Qxf5
34. gxf5 Nxd6 35. f6 Rf8 36. Re6 Nf5 37. Kf2 Kg8 38. c4 Nxd4 39. Rd6 Nf5 40.
Rd7 Rxf6 41. Rxb7 Ng7 42. Rxa7 Nxh5 43. Ke3 Nxf4 44. a4 Ne6 45. a5 c5 46. Rd7
Nd4 47. Ke4 Rg6 48. Ra7 Nc6 49. Ra8+ Kh7 50. a6 Nb4 51. a7 Ra6 52. Ke5 Kg7 53.
b3 Kh7 54. Ke4 Ra5 55. Rc8 Rxa7 56. Rxc5 Rd7 57. Rb5 Na2 58. Re5 Kg6 59. Re6+
Kg7 60. Kf4 Rb7 61. Kg5 Kf7 62. Rf6+ Ke7 63. Rf3 Nc1 64. Rh3 Ke6 65. Kf4 Rb4
66. Rh6+ Kf7 67. Kf5 Kg7 68. Rg6+ Kh7 69. c5 Nxb3 70. Rb6 Nd4+ 71. Ke4 Ra4 72.
Kd5 Nc2 73. Rb3 Rd4+ 74. Ke5 Rc4 75. Kd5 Rf4 76. c6 Rf5+ 77. Kc4 Rf4+ 78. Kd5
Rf8 79. Rh3+ Kg6 80. Rc3 Nb4+ 81. Kc5 Rb8 82. c7 Na6+ 83. Kd4 Rc8 84. Rc6+ Kf5
85. Rxa6 Rxc7 86. Ra5+ Kf4 87. Rd5 Re7 88. Rd6 Re4+ 89. Kd5 Re5+ 90. Kd4 Re4+
91. Kd5 Re5+ 92. Kd4 Re4+ 1/2-1/2

[Event "?"]
[Site "ICC 1 0 01/23/98, Internet Ch"]
[Date "1998.??.??"]
[Round "?"]
[White "Brause"]
[Black "Doring"]
[Result "1-0"]
[WhiteElo "2510"]
[BlackElo "1760"]
[PlyCount "30"]

1. e4 e5 2. Nf3 Nc6 3. Nc3 Nf6 4. Nxe5 Nxe5 5. d4 Nc6 6. d5 Nb8 7. e5 Ng8 8. d6
cxd6 9. exd6 Qa5 10. Bf4 Nc6 11. Bc4 Nf6 12. Qe2+ Kd8 13. Bxf7 b6 14. O-O-O Ba6
15. Qe3 Kc8 1-0

[Event "?"]
[Site "ICC 1 1 04/10/98, Internet Ch"]
[Date "1998.??.??"]
[Round "?"]
[White "Brause"]
[Black "MarvinMartian"]
[Result "1/2-1/2"]
[WhiteElo "2495"]
[BlackElo "2140"]
[PlyCount "110"]

1. e4 e5 2. Nf3 Nc6 3. Nc3 Nf6 4. Nxe5 Nxe5 5. d4 Ng6 6. e5 Ng8 7. Bc4 Bb4 8.
Qf3 Bxc3+ 9. Qxc3 d5 10. exd6 Qxd6 11. Qb3 Qe7+ 12. Be3 Nf6 13. O-O O-O 14.
Rae1 Qd6 15. f3 Rb8 16. d5 b6 17. Bd4 Bd7 18. Qc3 Rfe8 19. Bxf6 gxf6 20. Qd4
Rxe1 21. Rxe1 Re8 22. Rxe8+ Bxe8 23. Qe4 Qe5 24. Bd3 Qxe4 25. Bxe4 Kf8 26. Bf5
Ke7 27. c4 Bd7 28. Bc2 Kd6 29. b3 Ke5 30. Kf2 Bf5 31. Bxf5 Kxf5 32. Ke3 Ke5 33.
g3 f5 34. f4+ Kd6 35. b4 a5 36. bxa5 bxa5 37. Kd4 Nf8 38. c5+ Ke7 39. Kc4 Nd7
40. Kb5 Nf6 41. Kc6 Kd8 42. d6 cxd6 43. Kxd6 Ne4+ 44. Kc6 a4 45. a3 Nc3 46. Kb7
Nd5 47. Kc6 Nc7 48. h3 h5 49. Kb7 Kd7 50. Kb6 Kc8 51. h4 Ne6 52. Kc6 Nd4+ 53.
Kb6 Ne6 54. Kc6 Nd4+ 55. Kb6 Ne6 1/2-1/2

[Event "?"]
[Site "ICC 1 0 02/14/98, Internet Ch"]
[Date "1998.??.??"]
[Round "?"]
[White "Brause"]
[Black "YucoII"]
[Result "1-0"]
[WhiteElo "2685"]
[BlackElo "2435"]
[PlyCount "60"]

1. e4 e5 2. Nf3 Nc6 3. Nc3 Nf6 4. Nxe5 Nxe5 5. d4 Ng6 6. e5 Ng8 7. Bc4 f6 8.
Qh5 N8e7 9. exf6 gxf6 10. O-O c6 11. Ne4 d5 12. Nxf6+ Kf7 13. Bd3 Qb6 14. Qf3
Qxd4 15. Nh5+ Ke8 16. Re1 Kd8 17. Bg5 Bg4 18. Qg3 Qb4 19. c3 Qxb2 20. Qxg4 Qxc3
21. Bxg6 hxg6 22. Nf6 Kc7 23. Bf4+ Kb6 24. Nd7+ Kb5 25. Qe2+ Ka4 26. Qd1+ Kb5
27. Rb1+ Ka5 28. Nc5 Qxc5 29. Bd2+ Qb4 30. Bxb4+ Kb6 1-0

[Event "?"]
[Site "ICC 1 0 04/24/98, Internet Ch"]
[Date "1998.??.??"]
[Round "?"]
[White "Jakob, Steffen"]
[Black "Garr"]
[Result "1-0"]
[WhiteElo "1835"]
[BlackElo "1655"]
[PlyCount "45"]

1. e4 e5 2. Nf3 Nf6 3. Nc3 Nc6 4. Nxe5 Nxe5 5. d4 Bd6 6. dxe5 Bxe5 7. Bg5 O-O
8. Nd5 h6 9. Bh4 g5 10. Bg3 Bxg3 11. hxg3 Kh7 12. Bd3 Nxd5 13. exd5+ Kg7 14.
Qh5 Qf6 15. Kd2 d6 16. f3 Re8 17. Rae1 Rxe1 18. Rxe1 Bf5 19. Bxf5 Qxf5 20. Re7
Qxd5+ 21. Kc1 Rd8 22. Qg4 Rf8 23. Rxc7 1-0

[Event "?"]
[Site "ICC 1 1 04/24/98, Internet Ch"]
[Date "1998.??.??"]
[Round "?"]
[White "Brause"]
[Black "MarvinMartian"]
[Result "1-0"]
[WhiteElo "2465"]
[BlackElo "2325"]
[PlyCount "67"]

1. e4 e5 2. Nf3 Nc6 3. Nc3 Nf6 4. Nxe5 Nxe5 5. d4 Ng6 6. e5 Ng8 7. Bc4 Bb4 8.
Qf3 Bxc3+ 9. bxc3 Qe7 10. O-O Nh6 11. g3 O-O 12. Qh5 d5 13. Bxd5 c6 14. Bf3 Be6
15. a4 Qd7 16. Bxh6 gxh6 17. Qxh6 Bg4 18. Bg2 Qf5 19. f3 Qh5 20. Qxh5 Bxh5 21.
g4 Nf4 22. gxh5 Kh8 23. Kh1 Rg8 24. Rg1 Rg5 25. Bf1 Rxh5 26. Rb1 b6 27. Bc4 Rf8
28. Rg3 f6 29. Rbg1 h6 30. Rg8+ Rxg8 31. Rxg8+ Kh7 32. exf6 Rf5 33. f7 Ng6 34.
Bd3 1-0